OHL Teams - Statistics

General Stats
  • This quiz has been taken 17 times
  • The average score is 15 of 20
Answer Stats
Team Location Arena % Correct
Barrie Colts Barrie, ON Sadlon Arena
100%
London Knights London, ON Canada Life Place
100%
Erie Otters Erie, PA Erie Insurance Arena
92%
Oshawa Generals Oshawa, ON Tribute Communities Centre
92%
Ottawa 67's Ottawa, ON TD Place Arena
92%
Saginaw Spirit Saginaw, MI Dow Event Center
92%
Kitchener Rangers Kitchener, ON Kitchener Memorial Auditorium
85%
Owen Sound Attack Owen Sound, ON Harry Lumley Bayshore Centre
85%
Guelph Storm Guelph, ON Sleeman Centre
77%
Peterborough Petes Peterborough, ON Peterborough Memorial Centre
77%
North Bay Battalion North Bay, ON Boart Longyear Memorial Gardens
69%
Sarnia Sting Sarnia, ON Progressive Auto Sales Arena
69%
Sudbury Wolves Greater Sudbury, ON Sudbury Community Arena
69%
Windsor Spitfires Windsor, ON WFCU Centre
69%
Brampton Steelheads Brampton, ON CAA Centre
62%
Brantford Bulldogs Brantford, ON Brantford Civic Centre
54%
Flint Firebirds Flint, MI Dort Financial Center
54%
Kingston Frontenacs Kingston, ON Slush Puppie Place
54%
Soo Greyhounds Sault Ste. Marie, ON GFL Memorial Gardens
54%
Niagara IceDogs St. Catharines, ON Meridian Centre
46%
No matching quizzes found
Score Distribution
Percent of People with Each Score
Percentile by Number Answered
Your Score History
You have not taken this quiz